Our creative diversity : (Record no. 115013)
[ view plain ]
| 000 -LEADER | |
|---|---|
| campo de control de longitud fija | 01124nam a2200253 4500 |
| 003 - IDENTIFICADOR DE NÚMERO DE CONTROL | |
| campo de control | BJBSDDR |
| 005 - FECHA Y HORA DE LA ÚLTIMA TRANSACCIÓN | |
| campo de control | 20230411090714.0 |
| 007 - CAMPO FIJO DE DESCRIPCIÓN FÍSICA--INFORMACIÓN GENERAL | |
| campo de control de longitud fija | ta |
| 008 - DATOS DE LONGITUD FIJA--INFORMACIÓN GENERAL | |
| campo de control de longitud fija | 060907s1998 dr eng |
| 020 ## - NÚMERO INTERNACIONAL ESTÁNDAR DEL LIBRO | |
| Número Internacional Estándar del Libro | 9231034235 |
| 040 ## - FUENTE DE CATALOGACIÓN | |
| Lengua de catalogación | spa |
| Centro/agencia transcriptor | BJBSDDR |
| 041 ## - CÓDIGO DE IDIOMA | |
| Código de lengua del texto/banda sonora o título independiente | eng |
| 050 14 - SIGNATURA TOPOGRÁFICA DE LA BIBLIOTECA DEL CONGRESO | |
| Número de clasificación | CB 430 |
| Número de ítem | O93 1998 |
| 082 00 - NÚMERO DE LA CLASIFICACIÓN DECIMAL DEWEY | |
| Número de clasificación | 306 |
| 100 1# - ENTRADA PRINCIPAL--NOMBRE DE PERSONA | |
| Nombre de persona | Pérez de Cuéllar, Javier |
| 245 10 - MENCIÓN DEL TÍTULO | |
| Título | Our creative diversity : |
| Resto del título | Report of the world commission on culture and development / |
| Mención de responsabilidad, etc. | Javier Pérez de Cuéllar |
| 260 ## - PUBLICACIÓN, DISTRIBUCIÓN, ETC. | |
| Lugar de publicación, distribución, etc. | Paris : |
| Nombre del editor, distribuidor, etc. | UNESCO Publishing, |
| Fecha de publicación, distribución, etc. | 1998 |
| 300 ## - DESCRIPCIÓN FÍSICA | |
| Extensión | 309 p. |
| 520 ## - RESUMEN, ETC. | |
| Sumario, etc. | A new global ethics, 34. -- A commitment to pluralism, 54. -- Creativity and empowerment, 79. -- Challenges of a media - rich world, 107. -- Gender and culture, 130. -- Children and young people, 152. -- Cultural heritage for development, 178. -- Culture and the environment, 211. -- Rethinking cultural policies, 232. -- Research needs, 259. -- International agenda, 289 |
| 650 #4 - PUNTO DE ACCESO ADICIONAL DE MATERIA--TÉRMINO DE MATERIA | |
| Término de materia o nombre geográfico como elemento de entrada | Política cultural |
| 9 (RLIN) | 1293 |
| 650 #4 - PUNTO DE ACCESO ADICIONAL DE MATERIA--TÉRMINO DE MATERIA | |
| Término de materia o nombre geográfico como elemento de entrada | Relaciones internacionales |
| 9 (RLIN) | 154 |
| 650 #4 - PUNTO DE ACCESO ADICIONAL DE MATERIA--TÉRMINO DE MATERIA | |
| Término de materia o nombre geográfico como elemento de entrada | Desarrollo económico |
| 9 (RLIN) | 2531 |
| Subdivisión general | Aspectos sociales |
| 942 ## - ELEMENTOS DE ENTRADA SECUNDARIOS (KOHA) | |
| Fuente del sistema de clasificación o colocación | Clasificación de Library of Congress |
| Tipo de ítem Koha | Libro |
| Estatus retirado | Estado de pérdida | Estado de daño | No para préstamo | Colección | Biblioteca de origen | Biblioteca actual | Ubicación en estantería | Fecha de adquisición | Signatura topográfica completa | Código de barras | Visto por última vez | Copia número | Tipo de ítem Koha |
|---|---|---|---|---|---|---|---|---|---|---|---|---|---|
| Recursos Regionales | Biblioteca Juan Bosch | Biblioteca Juan Bosch | Recursos Regionales (2do. Piso) | 26/02/2021 | CB 430 O93 1998 | 00000130481 | 26/02/2021 | 1 | Libro |
